A-Z: Answers containing "Cent" - Statistics

General Stats
  • This quiz has been taken 12 times
  • The average score is 14 of 26
Answer Stats
Initial Clue Answer % Correct
A Regional tone of voice, speaking sound Accent
100%
R Not long ago Recent
100%
C Mythical human/horse creature Centaur
92%
M Grand, very impressive Magnificent
92%
S The smell of an animal or plant Scent
92%
T Somewhat see-through; allowing some light through Translucent
92%
H With the Sun at its centre Heliocentric
83%
V Saint after whom a Caribbean island is named Vincent
83%
D A journey downwards Descent
75%
E Quirky; not confirming to the usual social norms Eccentric
75%
F Giving off a bright light when electricity or other waves go through it Fluorescent
75%
G With the Earth at its centre Geocentric
75%
I Financial or material encouragement to do something Incentive
75%
P Mathematical term, meaning in every hundred Percent
75%
B Pertaining to a living organism which produces its own light Bioluminescent
58%
L Lacking moral restraint, especially in sexual matters Licentious
42%
Q Inactive; dormant Quiescent
42%
X Oriented toward or preferring a culture other than one's own Xenocentric
33%
J With Jupiter at its centre Jovicentric
17%
N Rare type of "night shining" cloud Noctilucent
8%
W The main railway station in the Polish capital Warszawa Centralna
8%
U Not tending to remind one of something else Unreminiscent
0%
K Small town near Seattle, perhaps founded by locksmiths? Key Center
0%
O Emphasised or stressed too much Overaccentuated
0%
Y Small town in the mysterious east of Kansas Yates Center
0%
Z Pertaining to a temporary organ attached to babies during pregnancy, one which has various bands or zones on it Zonoplacental
0%
No matching quizzes found
Score Distribution
Percent of People with Each Score
Percentile by Number Answered
Your Score History
You have not taken this quiz